000 01241nam a2200265Ia 4500
999 _c34443
_d34443
001 187
003 GE_BSU
005 20220927112815.0
008 181216s2007||||ge |||||||||||||| ||geo||
020 _a9789941000850
040 _cGE_BSU
041 _ageo
080 _a338.22(075.8)+339.372(075.8)+334.7(075.8) ე–82
100 _aერქომაიშვილი, გულნაზ
_92815
245 _aბიზნესი :
_bფირმის ფუნქციონირების ძირითადი ასპექტები /
_c გულნაზ ერქომაიშვილი ; [რედ. ეთერ ხარაიშვილი] ; თსუ.
264 _aთბილისი :
_bთსუ,
_c2007.
300 _a364 გვ.
_bილ. ;
_c22სმ.
501 _aდანართები: გვ. 299-364.
504 _aბიბლიოგრ.: გვ. 296-298.
653 _aბიზნესი
653 _aსაქართველოს საგადასახადო სისტემა
653 _aსაქართველოში მოქმედი ფირმები
653 _aფირმების მართვა
942 _cBK
_2udc